| 000 | 00357nam a2200157Ia 4500 | ||
|---|---|---|---|
| 100 | _aVij Vikrant/ syal/Nidhi | ||
| 650 | _aVLSI | ||
| 942 | _cBK | ||
| 366 | _f20 | ||
| 654 | _aVLSI design | ||
| 245 | _aVLSI Design:Theory and practice | ||
| 260 |
_bUniversities Press _c2013 |
||
| 082 |
_a621.395 _bVIJ |
||
| 300 | _a428 | ||
| 546 |
_aENGLISH _cPAMPHALETS |
||
| 999 |
_c34845 _d34845 |
||